000 01059nam a22003137a 4500
001 77
003 FISKH
005 20231208115932.0
008 230307b cb ||||| |||| 00| 0 eng d
010 _a 91013720
020 _a0525448268
040 _aDLC
_cDLC
_dDLC
_beng
042 _alcac
050 0 0 _aPZ7.A3774
_bRe 1991
082 0 0 _21991
_aLB2614.A45
_b305.235096891
100 1 _aAlexander, Lloyd
245 1 4 _aThe remarkable journey of Prince Jen /
_cLloyd Alexander
260 _aNew York :
_bPuffin Books,
_c1991
300 _a273 pages :
_b
_c22 cm
505 _aT
520 _aBearing six unusual gifts, young Prince Jen embarks on a perilous quest and emerges triumphantly into manhood.
521 8 _a790
_bLexile
521 8 _aT
_bRaz-Plus
650 1 _aPrinces
_xFiction.
650 1 _aFantasy.
906 _a7
_bcbc
_corignew
_d1
_eocip
_f19
_gy-gencatlg
942 _2ddc
_cBK
_e1991
_n0
999 _c77
_d77